| 000 | 00494nam a22001577a 4500 | ||
|---|---|---|---|
| 003 | macl | ||
| 005 | 20190614125202.0 | ||
| 008 | 190614b xxu||||| |||| 00| 0 eng d | ||
| 040 | _cmacl | ||
| 082 | _a070 | ||
| 100 |
_aजायसवाल ,नवल _975311 |
||
| 245 | _aफोटो पत्रकारिता | ||
| 260 |
_aदिल्ली _bसामयिक प्रकाशन _c2016 |
||
| 650 |
_aफोटो पत्रकारिता _975312 |
||
| 942 |
_2ddc _cHIN |
||
| 999 |
_c60101 _d60101 |
||